| 000 | 00621nam a2200205 i 4500 | ||
|---|---|---|---|
| 001 | 77510 | ||
| 003 | ES-MaACL | ||
| 005 | 20250822095713.0 | ||
| 007 | t| | ||
| 008 | 041019s1912 fr ||||1| fre d | ||
| 245 | 0 | 0 |
_aAnthologie des humoristes français contemporains / _cpar Pierre Mille. |
| 260 |
_aParis : _bC. Delagrave, _c[1912] ( _fSoc. Chon) |
||
| 300 |
_aXX, 472 p. ; _c16 cm. |
||
| 490 | 1 | _aCollection "Pallas" | |
| 650 | 7 |
_aHumorismo francés _2 _9148466 |
|
| 700 | 1 |
_aMille, Pierre. _981193 |
|
| 830 | 0 |
_aCollection "Pallas" _9180897 |
|
| 852 |
_aES-MaACL _jG-15701 |
||
| 999 |
_c77510 _d77510 |
||